[Event "17. European Women's Championship 2016"]
[Site "Mamaia ROU"]
[Date "2016.05.27"]
[Round "1.2"]
[White "Fataliyeva, Ulviyya"]
[Black "Javakhishvili, Lela"]
[Result "1-0"]
[WhiteElo "2301"]
[BlackElo "2493"]
[PlyCount "129"]
[EventDate "2016.05.27"]
[EventType "swiss"]
[EventRounds "11"]
[EventCountry "ROU"]
[Source "lmi"]
[SourceDate "2016.05.26"]

1. e4 c5 2. Nf3 Nc6 3. d4 cxd4 4. Nxd4 e6 5. Nc3 d6 6. Be2 Nf6 7. O-O Be7 8.
Be3 O-O 9. f4 Bd7 10. Nb3 a6 11. a4 Rc8 12. a5 Qc7 13. Bf3 Nb4 14. Bb6 Qb8 15.
Kh1 Bc6 16. Bf2 Rfd8 17. Rc1 e5 18. Bb6 Re8 19. Qd2 Bd7 20. Ne2 d5 21. fxe5
Qxe5 22. Bd4 Nxe4 23. Bxe5 Nxd2 24. Nxd2 Bg5 25. Bf4 Bf6 26. Nc3 Be6 27. Bd6
Bxc3 28. bxc3 Na2 29. Rb1 Nxc3 30. Rxb7 Nb5 31. Bf4 Rxc2 32. Rb6 h6 33. h4 Ra8
34. Nb3 Rc3 35. Nc1 Ra3 36. Bd2 Nd4 37. Bb4 Ra4 38. Nd3 Nxf3 39. Rxf3 d4 40.
Rd6 Rc8 41. Rxd4 Rc4 42. Rff4 Rc2 43. Ne1 Re2 44. Nf3 Raa2 45. Rd2 Raxd2 46.
Bxd2 g5 47. hxg5 hxg5 48. Rd4 f6 49. Rd3 Bc4 50. Re3 Rf2 51. Kg1 Rf1+ 52. Kh2
g4 53. Nd4 Rf2 54. Be1 Rf1 55. Bc3 Kf7 56. Re1 Rf2 57. Kg3 Ra2 58. Ra1 Rxa1 59.
Bxa1 Bd5 60. Nf5 Be6 61. Nh6+ Kg6 62. Nxg4 f5 63. Ne5+ Kg5 64. Nf3+ Kg6 65. Kf4
1-0

[Event "17. European Women's Championship 2016"]
[Site "Mamaia ROU"]
[Date "2016.05.27"]
[Round "1.3"]
[White "Pogonina, Natalija"]
[Black "Hojjatova, Aydan"]
[Result "1/2-1/2"]
[WhiteElo "2490"]
[BlackElo "2300"]
[PlyCount "97"]
[EventDate "2016.05.27"]
[EventType "swiss"]
[EventRounds "11"]
[EventCountry "ROU"]
[Source "lmi"]
[SourceDate "2016.05.26"]

1. e4 e6 2. d4 d5 3. Nd2 c5 4. exd5 Qxd5 5. dxc5 Bxc5 6. Ngf3 Nf6 7. Bc4 Qc6 8.
Qe2 a6 9. Nb3 Bd6 10. O-O O-O 11. Bg5 Qc7 12. Rad1 b5 13. Bd3 Nbd7 14. Nbd4 Nc5
15. Bxf6 gxf6 16. Be4 Rb8 17. Rfe1 f5 18. Bd3 Bf4 19. g3 Bh6 20. Qe5 Qxe5 21.
Nxe5 Bg7 22. Ndc6 Rb7 23. Bf1 Rc7 24. Bg2 Bb7 25. Nb4 Bxg2 26. Kxg2 a5 27. Nbd3
Nxd3 28. Rxd3 Rxc2 29. Rb3 b4 30. a3 Rd8 31. axb4 Rdd2 32. Rf3 axb4 33. b3 Re2
34. Rxe2 Rxe2 35. Nd3 Bc3 36. Rf4 e5 37. Rxf5 e4 38. Nf4 Rb2 39. Nd5 Rxb3 40.
Rf4 Rb1 41. Rxe4 Bd2 42. Re2 Bc1 43. Re8+ Kg7 44. Rb8 Bd2 45. Ne3 Bxe3 46. fxe3
Kf6 47. Rb5 Rb2+ 48. Kf3 Rxh2 49. Ke4 1/2-1/2

[Event "17. European Women's Championship 2016"]
[Site "Mamaia ROU"]
[Date "2016.05.27"]
[Round "1.4"]
[White "Galojan, Lilit"]
[Black "Paehtz, Elisabeth"]
[Result "0-1"]
[WhiteElo "2296"]
[BlackElo "2489"]
[PlyCount "72"]
[EventDate "2016.05.27"]
[EventType "swiss"]
[EventRounds "11"]
[EventCountry "ROU"]
[Source "lmi"]
[SourceDate "2016.05.26"]

1. c4 e5 2. Nc3 Nf6 3. Nf3 Nc6 4. g3 Bc5 5. Bg2 d6 6. d3 h6 7. O-O a6 8. a3 O-O
9. b4 Ba7 10. Rb1 Bg4 11. h3 Be6 12. e4 Nh7 13. b5 axb5 14. cxb5 Nd4 15. Nxd4
Bxd4 16. Ne2 Bb6 17. Kh2 Qd7 18. f4 f6 19. a4 Rfd8 20. Qc2 d5 21. Nc3 dxe4 22.
Bxe4 Bxh3 23. Re1 Bf5 24. Nd5 Kh8 25. Bb2 exf4 26. gxf4 Bxe4 27. dxe4 Qg4 28.
Qe2 Qxe2+ 29. Rxe2 Rxa4 30. Rc1 Ra2 31. Kg2 Nf8 32. Nxb6 cxb6 33. f5 Nh7 34.
Rc7 Ng5 35. Kf2 Nxe4+ 36. Kf3 Nd2+ 0-1

[Event "17. European Women's Championship 2016"]
[Site "Mamaia ROU"]
[Date "2016.05.27"]
[Round "1.5"]
[White "Goryachkina, Aleksandra"]
[Black "Osmanodja, Filiz"]
[Result "1-0"]
[WhiteElo "2485"]
[BlackElo "2296"]
[PlyCount "117"]
[EventDate "2016.05.27"]
[EventType "swiss"]
[EventRounds "11"]
[EventCountry "ROU"]
[Source "lmi"]
[SourceDate "2016.05.26"]

1. d4 Nf6 2. c4 e6 3. Nf3 d5 4. Nc3 Be7 5. Bf4 O-O 6. e3 Nbd7 7. Be2 dxc4 8.
Bxc4 a6 9. O-O b5 10. Bb3 Bb7 11. Rc1 c5 12. d5 exd5 13. Nxd5 Nxd5 14. Bxd5
Bxd5 15. Qxd5 Nf6 16. Qb7 Qd7 17. Qxd7 Nxd7 18. Rfd1 Nf6 19. Ne5 Rac8 20. g4
Rfe8 21. b3 h6 22. h3 Ne4 23. Rd7 Ng5 24. Kg2 Bf6 25. Rd5 Ne6 26. Bg3 Red8 27.
Nd7 Be7 28. Nb6 Rxd5 29. Nxd5 Bf8 30. f4 Rd8 31. e4 Bd6 32. Rc2 Kf8 33. h4 Nd4
34. Rd2 a5 35. Bf2 Ne6 36. f5 Nd4 37. Bxd4 cxd4 38. Rxd4 Rc8 39. Rd2 Rc1 40. g5
hxg5 41. hxg5 Re1 42. Kf3 Rf1+ 43. Rf2 Rg1 44. Rg2 Rf1+ 45. Ke2 Ra1 46. Kd3
Rd1+ 47. Rd2 Rg1 48. Rc2 Ke8 49. Rc6 Kd7 50. Rb6 b4 51. Rb7+ Ke8 52. g6 fxg6
53. Rxg7 Rd1+ 54. Kc2 Ra1 55. Rxg6 Bc5 56. Rc6 Bd4 57. Kd3 Rd1+ 58. Kc4 Kd7 59.
Re6 1-0

[Event "17. European Women's Championship 2016"]
[Site "Mamaia ROU"]
[Date "2016.05.27"]
[Round "1.6"]
[White "Belenkaya, Dina"]
[Black "Batsiashvili, Nino"]
[Result "0-1"]
[WhiteElo "2289"]
[BlackElo "2476"]
[PlyCount "120"]
[EventDate "2016.05.27"]
[EventType "swiss"]
[EventRounds "11"]
[EventCountry "ROU"]
[Source "lmi"]
[SourceDate "2016.05.26"]

1. e4 e5 2. Nf3 Nc6 3. Nc3 Nf6 4. d4 exd4 5. Nxd4 Bb4 6. Nxc6 bxc6 7. Bd3 O-O
8. O-O Re8 9. Bg5 h6 10. Bh4 g5 11. Bg3 Bxc3 12. bxc3 Nxe4 13. Qh5 d6 14. f4
Bf5 15. Bxe4 Bxe4 16. Qxh6 Re6 17. Qh5 Bg6 18. Qh3 gxf4 19. Rxf4 Qg5 20. Raf1
Rae8 21. Bh4 Qh5 22. c4 a5 23. Qb3 Re4 24. Rxe4 Bxe4 25. Qg3+ Qg6 26. Bg5 f5
27. h4 c5 28. Rf4 Kf7 29. Qc3 Ke6 30. Qxa5 Qg7 31. Qd2 Kd7 32. c3 Qf7 33. Qe2
Re5 34. Kh2 Bc6 35. Qd1 Kc8 36. a4 Qe8 37. Qb1 Be4 38. Qb5 Qh5 39. Qb2 Qd1 40.
a5 Bc6 41. Qf2 Re2 42. Qf1 Rxg2+ 43. Qxg2 Bxg2 44. Kxg2 Qd2+ 45. Kg1 Qxc3 46.
a6 Qg3+ 47. Kf1 Kb8 48. Rf2 Ka7 49. Bd8 Kxa6 50. Bxc7 Kb7 51. Bd8 Qg8 52. Bf6
Qxc4+ 53. Kg1 Qg4+ 54. Rg2 Qd1+ 55. Kh2 c4 56. Rg1 Qe2+ 57. Rg2 Qh5 58. Rg7+
Kc6 59. Rg8 Qf7 60. Rc8+ Kb7 0-1

[Event "17. European Women's Championship 2016"]
[Site "Mamaia ROU"]
[Date "2016.05.27"]
[Round "1.7"]
[White "Bodnaruk, Anastasia"]
[Black "Buksa, Nataliya"]
[Result "0-1"]
[WhiteElo "2475"]
[BlackElo "2288"]
[PlyCount "90"]
[EventDate "2016.05.27"]
[EventType "swiss"]
[EventRounds "11"]
[EventCountry "ROU"]
[Source "lmi"]
[SourceDate "2016.05.26"]

1. e4 e5 2. Nf3 Nc6 3. Bb5 a6 4. Ba4 Nf6 5. O-O Nxe4 6. d4 b5 7. Bb3 d5 8. dxe5
Be6 9. c3 Be7 10. Be3 O-O 11. Nbd2 Qd7 12. Bc2 Nxd2 13. Qxd2 Bg4 14. Qd3 g6 15.
Bh6 Rfe8 16. Rad1 Bf5 17. Qd2 Bxc2 18. Qxc2 Nd8 19. Nd4 f6 20. exf6 Bxf6 21.
Nb3 Nb7 22. f4 Qg4 23. Qd3 Rad8 24. f5 g5 25. Nd4 Nc5 26. Qh3 Qxh3 27. gxh3 Kf7
28. Nf3 Ne4 29. Kg2 c5 30. h4 gxh4 31. Kh3 d4 32. cxd4 cxd4 33. Ne1 Rd5 34. Nd3
Nd6 35. Bf4 Nc4 36. Bc1 Ne3 37. Bxe3 dxe3 38. Nf4 Rxf5 39. Kg4 h5+ 40. Nxh5
Rxh5 41. Kxh5 e2 42. Rxf6+ Kxf6 43. Re1 Kf5 44. Kxh4 Kf4 45. Kh3 Ke5 0-1

[Event "17. European Women's Championship 2016"]
[Site "Mamaia ROU"]
[Date "2016.05.27"]
[Round "1.8"]
[White "Sedina, Elena"]
[Black "Socko, Monika"]
[Result "0-1"]
[WhiteElo "2287"]
[BlackElo "2469"]
[PlyCount "108"]
[EventDate "2016.05.27"]
[EventType "swiss"]
[EventRounds "11"]
[EventCountry "ROU"]
[Source "lmi"]
[SourceDate "2016.05.26"]

1. e4 c5 2. Nf3 e6 3. c3 Nf6 4. e5 Nd5 5. Bc4 Nc6 6. d4 cxd4 7. cxd4 d6 8. O-O
Be7 9. exd6 Qxd6 10. Nc3 Nxc3 11. bxc3 O-O 12. Re1 b6 13. Bd3 Bb7 14. Ng5 Bxg5
15. Bxg5 Ne7 16. Qg4 Ng6 17. h4 f5 18. Qe2 Rfe8 19. Bb5 Bc6 20. Bxc6 Qxc6 21.
h5 Nh8 22. c4 Nf7 23. Bf4 Rad8 24. Rad1 h6 25. Bg3 Qa4 26. Qd3 Qxa2 27. Ra1 Qb2
28. Red1 e5 29. Qxf5 Rxd4 30. Rdb1 Qe2 31. Rxa7 Rf8 32. Qg6 Rd6 33. Qf5 Qxc4
34. Re7 Qe2 35. Bxe5 Nxe5 36. Qxe5 Qxf2+ 37. Kh1 Qh4+ 38. Kg1 Rdf6 39. Re1 b5
40. Re8 Rxe8 41. Qd5+ Ree6 42. Rxe6 Qf2+ 43. Kh1 Qf1+ 44. Kh2 Rxe6 45. Qxe6+
Qf7 46. Qc8+ Qf8 47. Qb7 b4 48. Qb6 Kh8 49. Kg1 Qe7 50. Qb8+ Kh7 51. Qb6 Qe4
52. Kh2 Qg4 53. Kg1 Qd1+ 54. Kh2 Qxh5+ 0-1

[Event "17. European Women's Championship 2016"]
[Site "Mamaia ROU"]
[Date "2016.05.27"]
[Round "1.10"]
[White "Rodshtein, Tereza"]
[Black "Girya, Olga"]
[Result "0-1"]
[WhiteElo "2263"]
[BlackElo "2443"]
[PlyCount "118"]
[EventDate "2016.05.27"]
[EventType "swiss"]
[EventRounds "11"]
[EventCountry "ROU"]
[Source "lmi"]
[SourceDate "2016.05.26"]

1. e4 c6 2. d4 d5 3. Nd2 dxe4 4. Nxe4 Bf5 5. Ng3 Bg6 6. h4 h6 7. Nf3 Nd7 8. h5
Bh7 9. Bd3 Bxd3 10. Qxd3 e6 11. Bd2 Ngf6 12. O-O-O Bd6 13. Ne4 Nxe4 14. Qxe4
Nf6 15. Qe2 Bc7 16. Rh4 Qe7 17. Ne5 O-O-O 18. g3 Rhf8 19. Re1 Kb8 20. Kb1 Ka8
21. Nd3 Rfe8 22. c4 Nd7 23. Bc3 Nf6 24. Qf3 Rd7 25. Nc5 Rdd8 26. Nd3 Rd7 27.
Nc5 Rdd8 28. Rhh1 Bb6 29. b4 Nd7 30. Nd3 Qf6 31. Qe4 Qg5 32. Rh4 Qe7 33. Qf3
Nf6 34. Ne5 Bc7 35. Ka1 Bxe5 36. dxe5 Nd7 37. Rg4 f6 38. exf6 Nxf6 39. Rg6 Rf8
40. Qe2 Rfe8 41. Be5 Qxb4 42. Rb1 Qe7 43. g4 Rd7 44. g5 hxg5 45. h6 Qd8 46.
hxg7 Ng8 47. Qb2 Qe7 48. c5 Qxc5 49. Rxg5 Qe7 50. Rg4 Rd5 51. Rb4 b5 52. f4
Red8 53. a4 a5 54. Re4 b4 55. Qc2 Qd7 56. Rc4 c5 57. Rxc5 Rxc5 58. Qxc5 Qxa4+
59. Kb2 Rd2+ 0-1

[Event "17. European Women's Championship 2016"]
[Site "Mamaia ROU"]
[Date "2016.05.27"]
[Round "1.11"]
[White "Zawadzka, Jolanta"]
[Black "Doluhanova, Evgeniya"]
[Result "1-0"]
[WhiteElo "2442"]
[BlackElo "2262"]
[PlyCount "77"]
[EventDate "2016.05.27"]
[EventType "swiss"]
[EventRounds "11"]
[EventCountry "ROU"]
[Source "lmi"]
[SourceDate "2016.05.26"]

1. e4 c5 2. Nf3 d6 3. d4 cxd4 4. Nxd4 Nf6 5. Nc3 a6 6. h3 e5 7. Nde2 h5 8. Bg5
Be6 9. Bxf6 Qxf6 10. Nd5 Qd8 11. Qd3 Nd7 12. O-O-O Rc8 13. Kb1 Qa5 14. Nec3 Nc5
15. Qe3 Na4 16. Nxa4 Qxa4 17. b3 Qc6 18. c4 Qc5 19. Qg3 h4 20. Qf3 Rh6 21. Be2
Be7 22. Rhf1 Bg5 23. Qc3 Qa3 24. f4 Bxf4 25. Rxf4 exf4 26. Qxg7 Rg6 27. Qh8+
Kd7 28. Nb6+ Kc7 29. Nxc8 Bxc8 30. Bf3 a5 31. Qe8 Be6 32. Qe7+ Kb8 33. Qxh4
Bxc4 34. Qh8+ Kc7 35. Rc1 b5 36. bxc4 b4 37. c5 Qd3+ 38. Ka1 dxc5 39. Qe5+ 1-0

[Event "17. European Women's Championship 2016"]
[Site "Mamaia ROU"]
[Date "2016.05.27"]
[Round "1.12"]
[White "Mamedjarova, Turkan"]
[Black "Mkrtchian, Lilit"]
[Result "1/2-1/2"]
[WhiteElo "2257"]
[BlackElo "2434"]
[PlyCount "45"]
[EventDate "2016.05.27"]
[EventType "swiss"]
[EventRounds "11"]
[EventCountry "ROU"]
[Source "lmi"]
[SourceDate "2016.05.26"]

1. e4 c5 2. c3 Nf6 3. e5 Nd5 4. d4 cxd4 5. Nf3 e6 6. cxd4 b6 7. Bd3 Bb7 8. Nc3
Nxc3 9. bxc3 Be7 10. O-O d6 11. exd6 Bxd6 12. Bb5+ Nd7 13. Ne5 Bxe5 14. dxe5 a6
15. Bxd7+ Qxd7 16. Qg4 O-O 17. Bg5 Qd3 18. Bh6 Qg6 19. Qxg6 hxg6 20. Be3 b5 21.
a4 Bd5 22. axb5 axb5 23. Rfb1 1/2-1/2

[Event "17. European Women's Championship 2016"]
[Site "Mamaia ROU"]
[Date "2016.05.27"]
[Round "1.13"]
[White "Nechaeva, Marina"]
[Black "Gevorgyan, Maria"]
[Result "1-0"]
[WhiteElo "2416"]
[BlackElo "2257"]
[PlyCount "37"]
[EventDate "2016.05.27"]
[EventType "swiss"]
[EventRounds "11"]
[EventCountry "ROU"]
[Source "lmi"]
[SourceDate "2016.05.26"]

1. d4 d5 2. Nf3 Nf6 3. e3 e6 4. c4 dxc4 5. Bxc4 c5 6. O-O a6 7. dxc5 Qxd1 8.
Rxd1 Bxc5 9. b3 Nc6 10. Bb2 Ke7 11. Be2 b5 12. Rc1 Kd6 13. Ng5 Ba7 14. Nxf7+
Ke7 15. Nxh8 Bb7 16. Bf3 Nd5 17. Nc3 Rxh8 18. Nxd5+ exd5 19. Bxd5 1-0

[Event "17. European Women's Championship 2016"]
[Site "Mamaia ROU"]
[Date "2016.05.27"]
[Round "1.14"]
[White "Manakova, Maria"]
[Black "Gaponenko, Inna"]
[Result "0-1"]
[WhiteElo "2254"]
[BlackElo "2415"]
[PlyCount "68"]
[EventDate "2016.05.27"]
[EventType "swiss"]
[EventRounds "11"]
[EventCountry "ROU"]
[Source "lmi"]
[SourceDate "2016.05.26"]

1. e4 c5 2. Nf3 d6 3. Bb5+ Nd7 4. d4 cxd4 5. Nxd4 Ngf6 6. O-O g6 7. Re1 Bg7 8.
Bf1 O-O 9. c4 b6 10. Nc3 Bb7 11. b3 a6 12. Bb2 Re8 13. Qd2 e6 14. f3 Qc7 15.
Rac1 Rad8 16. b4 Qb8 17. Nb3 d5 18. exd5 exd5 19. Rxe8+ Rxe8 20. Nxd5 Nxd5 21.
Bxg7 Kxg7 22. cxd5 Qd6 23. b5 a5 24. Qc3+ Nf6 25. Bc4 Kg8 26. Rd1 a4 27. Nd4
Qc5 28. Kh1 Nxd5 29. Qd3 Re3 30. Qf1 Nc3 31. Rd2 Qxc4 32. Qc1 Rd3 33. Rxd3 Qxd3
34. Nc6 Qd1+ 0-1

[Event "17. European Women's Championship 2016"]
[Site "Mamaia ROU"]
[Date "2016.05.27"]
[Round "1.15"]
[White "Shvayger, Yuliya"]
[Black "Raeva, Elitsa"]
[Result "1-0"]
[WhiteElo "2415"]
[BlackElo "2254"]
[PlyCount "119"]
[EventDate "2016.05.27"]
[EventType "swiss"]
[EventRounds "11"]
[EventCountry "ROU"]
[Source "lmi"]
[SourceDate "2016.05.26"]

1. e4 c5 2. Nf3 a6 3. c3 e6 4. d4 d5 5. e5 Bd7 6. Bd3 Nc6 7. O-O Rc8 8. a3 Qb6
9. dxc5 Bxc5 10. b4 Be7 11. Qe2 Qc7 12. Bf4 h6 13. Nbd2 g5 14. Bg3 h5 15. h3
Nh6 16. c4 dxc4 17. Nxc4 g4 18. Nd6+ Kf8 19. hxg4 hxg4 20. Nh2 Rb8 21. Nxg4 Nf5
22. Bxf5 exf5 23. Ne3 Nd4 24. Qd1 Qc3 25. Re1 Bxd6 26. exd6 Nc6 27. Nd5 Qg7 28.
Nb6 Rd8 29. Nxd7+ Rxd7 30. Qe2 Qh6 31. Qe8+ Kg7 32. Be5+ Nxe5 33. Qxe5+ f6 34.
Qg3+ Kf8 35. f3 Rg7 36. d7 Rxd7 37. Rac1 f4 38. Rc8+ Kf7 39. Rxh8 Qxh8 40. Qxf4
Qh5 41. Qe4 Kf8 42. Qe6 Qf7 43. Qf5 Kg7 44. Re4 Rc7 45. Rh4 Kg8 46. Qg4+ Qg7
47. Qf5 Qf7 48. Rh6 Rc1+ 49. Kh2 Rc6 50. Qg4+ Kf8 51. Rh8+ Ke7 52. Qe4+ Qe6 53.
Rh7+ Kd8 54. Qxe6 Rxe6 55. Rxb7 Re3 56. a4 f5 57. b5 axb5 58. Rxb5 Ra3 59. Rxf5
Rxa4 60. Re5 1-0

[Event "17. European Women's Championship 2016"]
[Site "Mamaia ROU"]
[Date "2016.05.27"]
[Round "1.16"]
[White "Movileanu, Daniela"]
[Black "Szczepkowska-Horowska, Karina"]
[Result "1-0"]
[WhiteElo "2247"]
[BlackElo "2411"]
[PlyCount "135"]
[EventDate "2016.05.27"]
[EventType "swiss"]
[EventRounds "11"]
[EventCountry "ROU"]
[Source "lmi"]
[SourceDate "2016.05.26"]

1. e4 g6 2. d4 Bg7 3. Nf3 d6 4. Be2 Nf6 5. Nc3 O-O 6. O-O c6 7. Re1 Nbd7 8. Bf4
Nh5 9. Bg5 h6 10. Bh4 Nf4 11. Bf1 g5 12. Bg3 e5 13. d5 c5 14. Nd2 Nf6 15. Nc4
Ng6 16. f3 h5 17. a4 Bh6 18. Nb5 Ne8 19. Bf2 Kh7 20. Ne3 Qf6 21. g3 Bd7 22. Be2
Rg8 23. Qd3 Nf4 24. gxf4 gxf4+ 25. Kh1 fxe3 26. Bxe3 h4 27. Rg1 Ng7 28. f4 c4
29. Qxc4 exf4 30. Bd4 Qe7 31. Qd3 Kh8 32. Qf3 Be8 33. Bd3 f6 34. Raf1 Bh5 35.
Qh3 Bg5 36. Nc3 a6 37. Rf2 b5 38. axb5 axb5 39. Nxb5 Rab8 40. c4 Ra8 41. Bc3
Rgc8 42. b3 Kg8 43. Bb4 Rd8 44. Bc3 Rdb8 45. Nd4 Rb7 46. Nc6 Qe8 47. Rb2 Bg6
48. Qf3 Bh5 49. Qf2 Qd7 50. Be2 Qh3 51. Rc1 Bxe2 52. Qxe2 f3 53. Qf1 Qg4 54.
Re1 Re8 55. Nd4 Rxe4 56. Rxe4 Qxe4 57. Qxf3 Qg6 58. b4 Ra7 59. Re2 Ra3 60. Nb5
Rb3 61. Re1 Qc2 62. Re2 Rb1+ 63. Kg2 Qc1 64. Kh3 Qg1 65. Rg2 Qc1 66. Nxd6 Nh5
67. Bd2 Qxd2 68. Rxd2 1-0

[Event "17. European Women's Championship 2016"]
[Site "Mamaia ROU"]
[Date "2016.05.27"]
[Round "1.17"]
[White "Khurtsidze, Nino"]
[Black "Sandu, Mihaela"]
[Result "1-0"]
[WhiteElo "2409"]
[BlackElo "2246"]
[PlyCount "71"]
[EventDate "2016.05.27"]
[EventType "swiss"]
[EventRounds "11"]
[EventCountry "ROU"]
[Source "lmi"]
[SourceDate "2016.05.26"]

1. d4 Nf6 2. Nf3 g6 3. Bg5 Bg7 4. e3 O-O 5. Nbd2 d5 6. Be2 c5 7. c3 cxd4 8.
exd4 Nc6 9. O-O h6 10. Bh4 Bf5 11. Ne5 Nxe5 12. dxe5 Ne4 13. Nxe4 dxe4 14. Qxd8
Rfxd8 15. Rfd1 Bxe5 16. Bxe7 Rxd1+ 17. Rxd1 Be6 18. a3 f5 19. f3 e3 20. Bd6 Bg7
21. Bf4 Bb3 22. Rd7 Re8 23. Rxb7 g5 24. Rb8 Rxb8 25. Bxb8 a5 26. f4 Bf8 27. Bd3
Bc5 28. Kf1 Kf7 29. Bxf5 Bc4+ 30. Ke1 a4 31. fxg5 hxg5 32. Be5 Ke7 33. g3 Kf7
34. Bd4 Bxd4 35. cxd4 Kf6 36. Bd7 1-0

[Event "17. European Women's Championship 2016"]
[Site "Mamaia ROU"]
[Date "2016.05.27"]
[Round "1.18"]
[White "Unuk, Laura"]
[Black "Melia, Salome"]
[Result "1/2-1/2"]
[WhiteElo "2246"]
[BlackElo "2409"]
[PlyCount "137"]
[EventDate "2016.05.27"]
[EventType "swiss"]
[EventRounds "11"]
[EventCountry "ROU"]
[Source "lmi"]
[SourceDate "2016.05.26"]

1. d4 Nf6 2. c4 e6 3. Nf3 d5 4. g3 dxc4 5. Bg2 Bd7 6. Ne5 Bc6 7. Nxc6 Nxc6 8.
O-O Qd7 9. e3 O-O-O 10. Qa4 Nd5 11. Qxc4 h5 12. Bd2 h4 13. b4 Ncxb4 14. Rc1
hxg3 15. hxg3 f5 16. Na3 Nb6 17. Qb3 N4d5 18. Nb5 Kb8 19. Rab1 Bb4 20. Qd3 Bxd2
21. Qxd2 c6 22. Na3 g5 23. Nc4 Nxc4 24. Rxc4 f4 25. gxf4 gxf4 26. e4 Qh7 27.
Kf1 Rdg8 28. Bf3 Qg6 29. Ke2 Ne3 30. Qb4 Rg7 31. fxe3 fxe3 32. Qd6+ Ka8 33.
Rxc6 Qh6 34. Rcc1 Qh4 35. Rf1 Rd8 36. Qe5 Rgd7 37. Kxe3 Rxd4 38. Qxd4 Qg5+ 39.
Kd3 Rxd4+ 40. Kxd4 Qd2+ 41. Ke5 Qxa2 42. Bg4 a5 43. Bxe6 Qh2+ 44. Kd4 Qd2+ 45.
Kc5 Qe3+ 46. Kd6 Qxe4 47. Rxb7 Qg6 48. Rb3 a4 49. Ra3 Qe8 50. Rfa1 Qb8+ 51. Kc5
Qc7+ 52. Kb4 Kb8 53. Rxa4 Qb6+ 54. Kc3 Qe3+ 55. Kc2 Qe2+ 56. Kc1 Qe1+ 57. Kb2
Qe2+ 58. Kc3 Qe3+ 59. Kc2 Qe2+ 60. Kb3 Qxe6+ 61. Rc4 Qe3+ 62. Rc3 Qb6+ 63. Ka2
Qa7+ 64. Kb2 Qf2+ 65. Rc2 Qd4+ 66. Ka2 Qa7+ 67. Kb1 Qg1+ 68. Kb2 Qb6+ 69. Kc1
1/2-1/2

[Event "17. European Women's Championship 2016"]
[Site "Mamaia ROU"]
[Date "2016.05.27"]
[Round "1.19"]
[White "Atalik, Ekaterina"]
[Black "Rakhmangulova, Anastasiya"]
[Result "1-0"]
[WhiteElo "2408"]
[BlackElo "2245"]
[PlyCount "69"]
[EventDate "2016.05.27"]
[EventType "swiss"]
[EventRounds "11"]
[EventCountry "ROU"]
[Source "lmi"]
[SourceDate "2016.05.26"]

1. d4 Nf6 2. c4 c5 3. d5 b5 4. Qc2 bxc4 5. e4 d6 6. Bxc4 g6 7. Nc3 Bg7 8. Nf3
O-O 9. O-O Nfd7 10. Rb1 Nb6 11. Be2 Na6 12. Bf4 Nc7 13. Rfd1 f5 14. e5 Bb7 15.
exd6 exd6 16. Nb5 Nxb5 17. Bxb5 h6 18. Bc6 Rb8 19. h4 a5 20. b3 Nc8 21. Rbc1
Kh7 22. Qd3 Qb6 23. Bd7 Ne7 24. Be6 Rbd8 25. Ng5+ hxg5 26. hxg5 Ng8 27. Qh3+
Nh6 28. gxh6 Bd4 29. Qh4 Rde8 30. Re1 Qd8 31. Qg3 Qa8 32. Bxd6 f4 33. Qg5 Rxe6
34. Rxe6 Rg8 35. Re7+ 1-0

[Event "17. European Women's Championship 2016"]
[Site "Mamaia ROU"]
[Date "2016.05.27"]
[Round "1.20"]
[White "Mamedjarova, Zeinab"]
[Black "Peptan, Corina-Isabela"]
[Result "1-0"]
[WhiteElo "2236"]
[BlackElo "2402"]
[PlyCount "79"]
[EventDate "2016.05.27"]
[EventType "swiss"]
[EventRounds "11"]
[EventCountry "ROU"]
[Source "lmi"]
[SourceDate "2016.05.26"]

1. d4 Nf6 2. c4 e6 3. Nc3 Bb4 4. e3 c5 5. Nge2 cxd4 6. exd4 d5 7. a3 Bxc3+ 8.
Nxc3 Nc6 9. c5 O-O 10. Be2 e5 11. dxe5 Nxe5 12. Bf4 Re8 13. O-O Bf5 14. Nb5 Ne4
15. Rc1 a6 16. Nd4 Ng6 17. Be3 Be6 18. Qb3 Qe7 19. Rfd1 Ne5 20. Nxe6 fxe6 21.
f3 Nf6 22. Qc3 Nc6 23. b4 e5 24. a4 d4 25. Qb3+ Kh8 26. Bg5 h6 27. Bh4 e4 28.
b5 Na5 29. Qb4 d3 30. Bf1 axb5 31. axb5 exf3 32. Rxd3 g5 33. Be1 b6 34. Rxf3
bxc5 35. Qb2 Rf8 36. Bc3 Kg7 37. Ra1 c4 38. b6 Kg6 39. b7 Ng4 40. Qc2+ 1-0

[Event "17. European Women's Championship 2016"]
[Site "Mamaia ROU"]
[Date "2016.05.27"]
[Round "1.21"]
[White "Ziaziulkina, Nastassia"]
[Black "Drozdova, Dina"]
[Result "1-0"]
[WhiteElo "2396"]
[BlackElo "2235"]
[PlyCount "63"]
[EventDate "2016.05.27"]
[EventType "swiss"]
[EventRounds "11"]
[EventCountry "ROU"]
[Source "lmi"]
[SourceDate "2016.05.26"]

1. e4 d6 2. d4 Nf6 3. Nc3 e5 4. Nf3 Nbd7 5. Bc4 Be7 6. O-O O-O 7. a4 c6 8. Re1
b6 9. Ba2 a6 10. Be3 Rb8 11. Qe2 b5 12. axb5 axb5 13. b4 Qc7 14. Red1 Nb6 15.
h3 Bd7 16. Bb3 Rfc8 17. dxe5 dxe5 18. Bc5 Be8 19. Qe3 Bxc5 20. Qxc5 Nbd7 21.
Qe7 c5 22. Nd5 Nxd5 23. Bxd5 Nf6 24. Qxe5 cxb4 25. Rd2 Qxe5 26. Nxe5 Rc7 27. f3
Nxd5 28. exd5 f6 29. d6 Rc3 30. d7 fxe5 31. d8=Q Rxd8 32. Rxd8 1-0

[Event "17. European Women's Championship 2016"]
[Site "Mamaia ROU"]
[Date "2016.05.27"]
[Round "1.22"]
[White "Mikadze, Miranda"]
[Black "Daulyte, Deimante"]
[Result "0-1"]
[WhiteElo "2233"]
[BlackElo "2392"]
[PlyCount "90"]
[EventDate "2016.05.27"]
[EventType "swiss"]
[EventRounds "11"]
[EventCountry "ROU"]
[Source "lmi"]
[SourceDate "2016.05.26"]

1. d4 Nf6 2. Nf3 b6 3. Bf4 Bb7 4. e3 g6 5. Be2 Bg7 6. h3 d6 7. a4 a5 8. c3 Nbd7
9. O-O O-O 10. Na3 Re8 11. Bh2 e5 12. Nb5 Ne4 13. Qb3 Ng5 14. Nd2 Nf6 15. Rad1
Qe7 16. Rfe1 Rad8 17. Qc4 Rd7 18. Bf1 h5 19. f4 exf4 20. exf4 Nge4 21. Nxe4
Bxe4 22. d5 Qd8 23. Na7 Bxd5 24. Rxe8+ Qxe8 25. Rxd5 Nxd5 26. Qxd5 Qe3+ 27. Kh1
Qc1 28. Qb5 Re7 29. Bg3 Re4 30. Kg1 Bh6 31. Qd5 Qe3+ 32. Bf2 Qxf4 33. Nb5 Re7
34. Nd4 Qc1 35. Qa8+ Kh7 36. Qd8 Bg5 37. Qf8 Qf4 38. g3 Qe4 39. h4 Bh6 40. Qd8
Be3 41. Nc6 Bxf2+ 42. Kxf2 Qf5+ 43. Kg2 Re1 44. Ba6 Qe4+ 45. Kf2 Qe3+ 0-1

[Event "17. European Women's Championship 2016"]
[Site "Mamaia ROU"]
[Date "2016.05.27"]
[Round "1.23"]
[White "Houska, Jovanka"]
[Black "Balaian, Alina"]
[Result "1-0"]
[WhiteElo "2383"]
[BlackElo "2230"]
[PlyCount "63"]
[EventDate "2016.05.27"]
[EventType "swiss"]
[EventRounds "11"]
[EventCountry "ROU"]
[Source "lmi"]
[SourceDate "2016.05.26"]

1. d4 Nf6 2. Nf3 g6 3. c4 Bg7 4. g3 d5 5. cxd5 Nxd5 6. Bg2 Nb6 7. Nc3 Nc6 8. e3
O-O 9. O-O Re8 10. Nh4 e5 11. d5 Na5 12. Rb1 f5 13. e4 f4 14. b3 c6 15. Bd2
cxd5 16. exd5 g5 17. Ne4 Nxb3 18. Rxb3 gxh4 19. gxf4 h3 20. Bh1 Qh4 21. fxe5
Rxe5 22. Rg3 Rxe4 23. Bxe4 Qxe4 24. Bc3 Qg2+ 25. Rxg2 hxg2 26. Re1 Bxc3 27.
Re8+ Kg7 28. Qf3 Bb4 29. Qxg2+ Kf6 30. Qf3+ Kg7 31. Qg3+ Kf6 32. Qf4+ 1-0